000 00376cam a22001217a 4500
008 180718b1979 xxu||||| |||| 00| 0 eng d
082 _aAPPPA 78-79 CHA
100 _aChawla, P.D.
245 _aAnalysis of crimes in India, 1965-1974
_cby P.D. Chawla
260 _aNew Delhi
_bIndian Institute of Public Administration
_c1979
300 _a86p.
650 _aCrimes-India-1965-1974
999 _c501172
_d501172